000
00294nam a22001337a 4500
008
181008b xxu||||| |||| 00| 0 eng d
020
_a
9781560531081
041
_a
eng
080
_a
616.12-008
100
_a
7
101
_a
KAR
245
_a
Urology Secrets
_c
Resnick,M.I
942
_2
udc
_c
BK
999
_c
48985
_d
48985